The United States and Britain in prophecy / (Record no. 4875)

MARC details
000 -LEADER
fixed length control field 00936cam a2200289 a 4500
001 - CONTROL NUMBER
control field 4791284
003 - CONTROL NUMBER IDENTIFIER
control field GBCCL
005 - DATE AND TIME OF LATEST TRANSACTION
control field 20241126110528.0
008 - FIXED-LENGTH DATA ELEMENTS--GENERAL INFORMATION
fixed length control field 870407s1986 caua 001 0 eng
010 ## -
-- 87129872
040 ## - CATALOGING SOURCE
Original cataloging agency DLC
Transcribing agency DLC
Modifying agency DLC
-- OCoLC
043 ## -
-- e-uk---
-- n-us---
050 00 -
-- BS649.G7
-- A83 1986
082 00 - DEWEY DECIMAL CLASSIFICATION NUMBER
Classification number 220.15
Edition information 19
Item number ARM
100 1# - MAIN ENTRY--PERSONAL NAME
Personal name Armstrong, Herbert W.
9 (RLIN) 3968
245 14 - TITLE STATEMENT
Title The United States and Britain in prophecy /
Statement of responsibility, etc. by Herbert W. Armstrong
250 ## - EDITION STATEMENT
Edition statement 8th ed., rev.
260 ## - PUBLICATION, DISTRIBUTION, ETC.
Place of publication, distribution, etc. Pasadena, Calif. :
Name of publisher, distributor, etc. Worldwide Church of God,
Date of publication, distribution, etc. 1986.
300 ## - PHYSICAL DESCRIPTION
Extent x, 196 p. :
Other physical details ill. (some col.) ;
Dimensions 21 cm.
500 ## - GENERAL NOTE
General note Includes indexes.
630 00 - SUBJECT ADDED ENTRY--UNIFORM TITLE
Uniform title Bible
General subdivision Prophecies
Geographic subdivision Great Britain.
9 (RLIN) 8873
630 00 - SUBJECT ADDED ENTRY--UNIFORM TITLE
Uniform title Bible
General subdivision Prophecies
Geographic subdivision United States.
9 (RLIN) 1855
650 #0 - SUBJECT ADDED ENTRY--TOPICAL TERM
Topical term or geographic name entry element Anglo-Israelism.
9 (RLIN) 8874
710 2# - ADDED ENTRY--CORPORATE NAME
Corporate name or jurisdiction name as entry element Worldwide Church of God.
9 (RLIN) 8875
906 ## - LOCAL DATA ELEMENT F, LDF (RLIN)
a 7
b cbc
c orignew
d 2
e ncip
f 19
g y-gencatlg
942 ## - ADDED ENTRY ELEMENTS (KOHA)
Source of classification or shelving scheme Dewey Decimal Classification
Koha item type Books
Holdings
Withdrawn status Lost status Source of classification or shelving scheme Damaged status Not for loan Home library Current Library Shelving location Date acquired Total checkouts Full call number Barcode Date last seen Copy number Price effective from Koha item type
    Dewey Decimal Classification     GRACE BIBLE COLLEGE GRACE BIBLE COLLEGE Biblical Studies 2018-02-12   220.15 ARM 002346 2025-05-01 c.1 2018-02-12 Books
© Grace Bible College Library 2025